000 00459cam a22001457a 4500
008 180718b1969 xxu||||| |||| 00| 0 eng d
020 _a340 10836 3
082 _aA6x42 H718
100 _aHollaender, A.E.J.
245 _aStudies in London History
_cA.E.J. Hollaender and William Kellaway
260 _aBritain
_bHolder and Stoughton
_c1969
300 _a509p
650 _aJones, Philip E. Bibliography,London (England) History.
700 _aKellaway William
999 _c407997
_d407997